Polarography and Other Voltammetric Methods : Analytical Chemistry by Open Learning
Enregistré dans:
| Auteurs principaux: | , |
|---|---|
| Format: | Livre |
| Langue: | anglais |
| Publié: |
London :
John Wiley & Sons,
1987
|
| Tags: |
Pas de tags, Soyez le premier à ajouter un tag!
|
MARC
| LEADER | 00000nam a22000003a 4500 | ||
|---|---|---|---|
| 001 | stu25992 | ||
| 005 | 20190206124506.5 | ||
| 008 | 980608s1987------------------------eng-d | ||
| 020 | |a 0-471-91395-2 | ||
| 040 | |a STU |b slo | ||
| 041 | 0 | |a eng | |
| 080 | |a 543.253 | ||
| 100 | 1 | |a Riley, Tom |4 aut | |
| 245 | 1 | |a Polarography and Other Voltammetric Methods : |b Analytical Chemistry by Open Learning | |
| 260 | |a London : |b John Wiley & Sons, |c 1987 | ||
| 300 | |a 283 s | ||
| 500 | |a Tab.,grafy | ||
| 700 | 1 | |a Watson, Arthur |4 aut | |
| 996 | |b C95407 |c C*95407 |l CCV |s P |a 0 |w stu25992_0001 | ||